Szczegóły MARC21

Bajkoterapia : o lękach dzieci i nowej metodzie terapii /

003 -Nazwa inst., której nr kontr. jest w polu 001 [,]
    • @
    • Nazwa instytucji, której n kontrolny jest w polu 001
    • NUKAT
005 -DATA I CZAS OSTATNIEJ MODYFIKACJI [,]
    • @
    • pole kontrolne
    • 20260101162754.0
020 -Międzynarod. znormalizowany nr książki - ISBN [ , ]
    • a
    • Numer ISBN
    • 8372780412 Find
040 -Instytucja sporządzająca opis [ , ]
    • a
    • Instytucja, która sporządziła opis (NP)
    • WA U/89SB
    • c
    • Instytucja, która sporządziła rekord (NP)
    • WA U/SB
    • d
    • Instytucja, która zmodyfikowała rekord (P)
    • WR O/ISs
942 -Rodzaj dokumentu [ , ]
    • c
    • Rodzaj dokumentu
    • Książka
100 -Hasło główne - nazwa osobowa [1, ]
    • a
    • Nazwa osobowa (NP)
    • Molicka, Maria
    • c
    • Dopowiedzenie inne niż daty biograficzne (P)
    • (psycholog).
    • 9
    • KHW
    • 401090
245 -Strefa tytułu i oznaczenia odpowiedzialności [1,0]
    • a
    • Tytuł
    • Bajkoterapia : Find
    • b
    • Ciąg dalszy tytułu (NP)
    • o lękach dzieci i nowej metodzie terapii / Find
    • c
    • Pozostałe elementy strefy tytułu i oznaczenia odpowiedzialności (NP)
    • Maria Molicka.
260 -Strefa adresu wydawniczego [ , ]
    • a
    • Miejsce wydania (P)
    • Poznań :
    • b
    • Nazwa wydawcy (P)
    • Media Rodzina ,
    • c
    • Data wydania (P)
    • cop. 2002.
300 -Strefa opisu fizycznego [ , ]
    • a
    • Określenie formy książki i/lub objętość (NP)
    • 222 s. ;
    • c
    • Format (NP)
    • 21 cm.
336 -Typ zawartości [ , ]
    • a
    • Termin opisujący typ zawartości
    • Tekst
    • b
    • Kod określający zawartość
    • txt
    • 2
    • Źródło (terminu i kodu)
    • rdacontent
337 -Typ mediów [ , ]
    • a
    • Tryb odtwarzania
    • Bez urządzenia pośredniczącego
    • b
    • Kod typu mediów
    • n
    • 2
    • Źródło (terminu i kodu)
    • rdamedia
338 -Typ/rodzaj nośnika [ , ]
    • a
    • Hasło opisujące typ nośnika
    • Wolumin
    • b
    • Kod typu nośnika
    • nc
    • 2
    • Źródło (terminu i kodu)
    • rdacarrier
380 -Deskryptor - Forma dzieła (P) [ , ]
    • a
    • forma dzieła (NP)
    • Książki
380 -Deskryptor - Forma dzieła (P) [ , ]
    • a
    • forma dzieła (NP)
    • Proza
380 -Deskryptor - Forma dzieła (P) [ , ]
    • a
    • forma dzieła (NP)
    • Publikacje fachowe
380 -Deskryptor - Forma dzieła (P) [ , ]
    • a
    • forma dzieła (NP)
    • Publikacje naukowe
385 -Deskryptor - grupa odbiorców (P) [ , ]
    • a
    • termin określający odbiorcę (P)
    • Psychoterapeutki i psychoterapeuci
385 -Deskryptor - grupa odbiorców (P) [ , ]
    • a
    • termin określający odbiorcę (P)
    • Rodzice
386 -Deskryptor - przynależność kulturowa (P) [ , ]
    • m
    • Wyrażenie wprowadzające (NP)
    • Przynależność kulturowa
    • a
    • Przynależność kulturowa (NP)
    • Literatura polska
388 -Deskryptor - czas powstania dzieła (P) [1, ]
    • a
    • Czas powstania dzieła (NP)
    • 2001-
080 -Uniwersalna Klasyfikacja Dziesiętna [ , ]
    • 2
    • Identyfikator wydania tablic
    • UDC-P022
    • a
    • Symbol klasyfikacji
    • 821.162.1-93
    • b
    • Dopowiedzenie
    • Literatura polska - literatura dla dzieci i młodzieży (do lat 16).
080 -Uniwersalna Klasyfikacja Dziesiętna [ , ]
    • 2
    • Identyfikator wydania tablic
    • UDC-P022
    • a
    • Symbol klasyfikacji
    • 821.162.1(091)-93
    • b
    • Dopowiedzenie
    • Literatura polska (historia) - literatura dla dzieci i młodzieży - opracowania krytyczne.
080 -Uniwersalna Klasyfikacja Dziesiętna [ , ]
    • 2
    • Identyfikator wydania tablic
    • UDC-P022
    • a
    • Symbol klasyfikacji
    • 159.922.7
    • b
    • Dopowiedzenie
    • Psychologia dziecka.
080 -Uniwersalna Klasyfikacja Dziesiętna [ , ]
    • 2
    • Identyfikator wydania tablic
    • UDC-P022
    • a
    • Symbol klasyfikacji
    • 615.851
    • b
    • Dopowiedzenie
    • Psychoterapia. Psychoanaliza jako terapia.
    • x
    • Poddział wspólny
    • -053.2
    • b
    • Dopowiedzenie
    • -dzieci ogólnie.
650 -Hasło przedmiotowe [ ,7]
    • a
    • Hasło przedmiotowe
    • Bajkoterapia
    • 2
    • Źródło terminu
    • DBN
650 -Hasło przedmiotowe [ ,7]
    • a
    • Hasło przedmiotowe
    • Lęk
    • 2
    • Źródło terminu
    • DBN
    • 9
    • KHW
    • 724671
650 -Hasło przedmiotowe [ ,7]
    • a
    • Hasło przedmiotowe
    • Literatura dla dzieci
    • 2
    • Źródło terminu
    • DBN
    • 9
    • KHW
    • 723765
650 -Hasło przedmiotowe [ ,7]
    • a
    • Hasło przedmiotowe
    • Psychologia dziecka
    • 2
    • Źródło terminu
    • DBN
    • 9
    • KHW
    • 723337
650 -Hasło przedmiotowe [ ,7]
    • a
    • Hasło przedmiotowe
    • Stres
    • 2
    • Źródło terminu
    • DBN
    • 9
    • KHW
    • 741996
650 -Hasło przedmiotowe [ ,7]
    • a
    • Hasło przedmiotowe
    • Terapia poznawczo-behawioralna (CBT)
    • 2
    • Źródło terminu
    • DBN
    • 9
    • KHW
    • 728294
650 -Hasło przedmiotowe [ ,7]
    • a
    • Hasło przedmiotowe
    • Trauma
    • 2
    • Źródło terminu
    • DBN
    • 9
    • KHW
    • 721982
650 -Hasło przedmiotowe [ ,7]
    • a
    • Hasło przedmiotowe
    • Zaburzenia nerwicowe
    • 2
    • Źródło terminu
    • DBN
    • 9
    • KHW
    • 730384
650 -Hasło przedmiotowe [ ,7]
    • a
    • Hasło przedmiotowe
    • Lęk u dzieci.
    • 2
    • Źródło terminu
    • kaba
    • 9
    • KHW
    • 117844
650 -Hasło przedmiotowe [ ,7]
    • a
    • Hasło przedmiotowe
    • Lęk u dzieci
    • x
    • Określnik rzeczowy
    • zapobieganie.
    • 2
    • Źródło terminu
    • kaba
    • 9
    • KHW
    • 401269
650 -Hasło przedmiotowe [ ,7]
    • a
    • Hasło przedmiotowe
    • Bajkoterapia.
    • 2
    • Źródło terminu
    • kaba
    • 9
    • KHW
    • 102568
650 -Hasło przedmiotowe [ ,7]
    • a
    • Hasło przedmiotowe
    • Dzieci
    • x
    • Określnik rzeczowy
    • psychoterapia.
    • 2
    • Źródło terminu
    • kaba
    • 9
    • KHW
    • 106865
650 -Hasło przedmiotowe [ ,7]
    • a
    • Hasło przedmiotowe
    • Biblioterapia.
    • 2
    • Źródło terminu
    • kaba
    • 9
    • KHW
    • 103147
655 -Hasło w funkcji tematu formalnego [ ,7]
    • a
    • Hasło
    • Bajki i baśnie
    • 2
    • Źródło terminu
    • DBN
    • 9
    • KHW
    • 731205
655 -Hasło w funkcji tematu formalnego [ ,7]
    • a
    • Hasło
    • Opowiadania i nowele
    • 2
    • Źródło terminu
    • DBN
    • 9
    • KHW
    • 723228
655 -Hasło w funkcji tematu formalnego [ ,7]
    • a
    • Hasło
    • Opracowanie
    • 2
    • Źródło terminu
    • DBN
    • 9
    • KHW
    • 721206
658 -Ujęcie treści [ , ]
    • a
    • dziedzina nauki i sztuki/ sfera aktywności życiowej
    • Literaturoznawstwo
658 -Ujęcie treści [ , ]
    • a
    • dziedzina nauki i sztuki/ sfera aktywności życiowej
    • Psychologia
980 -Symbol UKD [ , ]
    • a
    • UKD
    • 821.162.1-93:821.162.1(091)-93:159.922.7:615.851-053.2
920 -ISBN [ , ]
    • a
    • ISBN
    • 83-7278-041-2 Find
Data inwentaryzacji Lokalizacja Status udost. Numer inwentarzowy
2007-02-07BG-3Pd.18219
2007-02-07BG1Pd.18218